002050000a220007300045001000024000002450023000243000037000477730047000841 aFellows, Richard G.10aWas Titus Timothy? aNúm 81 (2001), Páginas 33-580 tJournal for the Study of the New Testament